Sejarah kesusteraan Melayu moden : drama

Bibliographic Details
Main Author: Abdul Rahman Hanafiah
Format: Book
Published: Kuala Lumpur : Dewan Bahasa dan Pustaka , 2009
Subjects:

MARC

LEADER 00000cam a2200000 7i4500
001 0000144708
005 20100929.0
020 |a 9789834602796 
090 0 0 |a 899.23209   |b ABD 
100 0 |a Abdul Rahman Hanafiah 
245 1 0 |a Sejarah kesusteraan Melayu moden :   |b drama   |c Abdul Rahman Hanafiah 
260 |a Kuala Lumpur :   |b Dewan Bahasa dan Pustaka ,   |c 2009 
300 |a 283p. ;   |c 22cm. 
650 0 0 |a Malay drama   |x History and criticsm 
650 0 0 |a Malay literature   |x History and criticism 
999 |a 00240903   |b BUKU   |c PINJAMAN   |e PERPUSTAKAAN KOMUNITI PETALING JAYA